Sâu bệnh chính hại một số cây thực phẩm và biện pháp quản lý

Đã lưu trong:
書目詳細資料
主要作者: Phạm Thị Nhất
格式: 圖書
語言:Undetermined
出版: H. Nông Nghiệp 2001
主題:
標簽: 添加標簽
沒有標簽, 成為第一個標記此記錄!
Thư viện lưu trữ: Trung tâm Học liệu Trường Đại học Cần Thơ
LEADER 00580nam a2200169Ia 4500
001 CTU_52405
008 210402s9999 xx 000 0 und d
082 |a 632.7 
082 |b Nh124 
100 |a Phạm Thị Nhất 
245 0 |a Sâu bệnh chính hại một số cây thực phẩm và biện pháp quản lý 
245 0 |c Phạm Thị Nhất 
260 |a H. 
260 |b Nông Nghiệp 
260 |c 2001 
650 |a insects as carriers of diseases,plant diseases,plants, protection of 
980 |a Trung tâm Học liệu Trường Đại học Cần Thơ